Datum a čas kvízu
32.5
Celkem bodů
Celkový počet nahraných bodů na tomto kvízu bez doplňovacích otázek.
4.
Pořadí na kvízu
Konečné umístění týmu na tomto kvízu.
Zaznamenané odpovědi
| # | Otázka | Odpověď | Body | Výsledky |
|---|---|---|---|---|
| 1. | Zvolený prezident Petr Pavel z... | 58,32 % | 1 | |
| 2. | Novým premiérem jedné země se... | Nový Zéland | 1 | |
| 3. | Kdo by neznal meeting point u... | z flanelu | 1 | |
| 4. | Minulý týden se k planetě Zemi... | Neandertálská kometa | 1 | |
| 5. | Tento 21letý český tenista svo... | Jiří Lehečka | 1 | |
| 6. | Dne 15. dubna 1986 byl jeden z... | Vojtěch Filip | 1 | |
| 7. | Ziggy Stardust je mimozemská r... | David Bowie | 0 | |
| 8. | Pod kterou přezdívkou je znám... | Yzomandias | 1 | |
| 9. | Přezdívky mají i státy USA. Do... | 1B 2C 3D 4A | 1 | |
| 10. | I mnozí sportovci si dávají př... | Kaká | 1 |